Movies Quiz

Random Movies or Cast Quiz
Score 0/44 Timer 15:00
0 Plays Today
Hint Answer % Correct
The Mirror (1974)Anatoly Solonitsyn
83.3%
Andrei Rublev (1966)Anatoly Solonitsyn
68%
Solaris (1972)Anatoly Solonitsyn
68%
Stalker (1979)Anatoly Solonitsyn
68%
Solaris (1972)Natalya Bondarchuk
64%
Nostalghia (1983)Erland Josephson
64%
The Sacrifice (1986)Erland Josephson
64%
Ivan's Childhood (1962)Nikolai Grinko
60%
Andrei Rublev (1966)Nikolai Grinko
60%
Stalker (1979)Nikolai Grinko
60%
Solaris (1972)Nikolai Grinko
60%
The Mirror (1974)Oleg Yankovsky
55.6%
The Mirror (1974)Filipp Yankovsky
48%
Nostalghia (1983)Oleg Yankovsky
48%
The Mirror (1974)Margarita Terekhova
44%
Stalker (1979)Alexander Kaidanovsky
44%
The Sacrifice (1986)Susan Fleetwood
44%
Ivan's Childhood (1962)Nikolai Burlyayev
36%
Andrei Rublev (1966)Nikolai Burlyayev
36%
Solaris (1972)Donatas Banionis
32%
The Mirror (1974)Larisa Tarkovskaya
28%
Andrei Rublev (1966)Irma Raush
24%
Hint Answer % Correct
Solaris (1972)Juri Jarvet
24%
Ivan's Childhood (1962)Irma Raush
24%
The Killers (1956)Vasiliy Shukshin
20%
The Mirror (1974)Ignat Daniltsev
20%
The Sacrifice (1986)Allan Edwall
20%
The Killers (1956)Yuli Fait
16%
Nostalghia (1983)Domiziana Giordano
16%
The Sacrifice (1986)Valerie Mairesse
16%
There Will Be No Leave Today (1959)Oleg Borisov
12%
The Steamroller and the Violin (1961)Igor Fomchenko
12%
The Steamroller and the Violin (1961)Vladimir Zamansky
12%
Ivan's Childhood (1962)Valentin Zubkov
12%
Andrei Rublev (1966)Nikolai Sergeyev
12%
Stalker (1979)Alisa Freindlich
12%
Stalker (1979)Natasha Abramova
12%
The Sacrifice (1986)Sven Wollter
12%
The Killers (1956)Aleksandr Gordon
12%
Andrei Rublev (1966)Yuri Nikulin
12%
Solaris (1972)Vladislav Dvorzhetskiy
8%
The Mirror (1974)Alla Demidova
8%
Nostalghia (1983)Delia Boccardo
8%
Andrei Rublev (1966)Ivan Lapikov
8%
Remove Ads.
Support Sporcle.
Get the best of Sporcle when you Go Orange. This ad-free experience offers more features, more stats, and more fun while also helping to support Sporcle. Thank you for becoming a member.

You're not logged in!

Compare scores with friends on all Sporcle quizzes.
OR
Log In

Show Comments

Extras

Created Aug 14, 2016ReportNominate
Tags:Cast Quiz

Top Quizzes Today


Score Distribution

Your Account Isn't Verified!

In order to create a playlist on Sporcle, you need to verify the email address you used during registration. Go to your Sporcle Settings to finish the process.

Report this User

Report this user for behavior that violates our Community Guidelines.

Details: